000 00929nas a2200253Ia 4500
001 R007/42007
003 IT-RoPAU
008 151124c99999999xx |||||||||||| ||und||
040 _aIT-RoPAU
040 _cIT-RoPAU
041 _aITALIANO
100 _aAyfre Amedee
_gCodice Aut. SPICS: 9711
210 _aCINEFORUM
222 _aCineforum
245 _aCINEFORUM, ANNO 02-N.017 (LUGLIO 1962)
_bUniverso di Robert Bresson (L')
250 _a1a ed.
260 _aVENEZIA
_bFEDERAZIONE ITALIANA CINEFORUM
_c1962
501 _bPaulus - SPICS - Società San Paolo EM (non-commercial uses only)
_cCopyright2015
300 _a21 p. [660-680]
362 _aANNO 002, N.017 (LUGLIO 1962)
500 _aDall'Astrazione Alla Realtà. Dal Personaggio Alla Persona. Dalla Solitudine Alla Comunicazione. Dall'Immanenza Alla Trascendenza. Filmografia di Robert Bresson.
650 _aCINEMA
_vPUBBLICAZIONE PERIODICA
942 _cCR
999 _c111049
_d111049